000 00506nam a22001697a 4500
999 _c8983
_d8983
008 210309b ||||| |||| 00| 0 eng d
040 _aBMS College of Architecture
100 _aJaleel, M, Aqil
245 _aFootball stadium
300 _aNA
500 _a1BM09AT008
502 _8B.Arch
_NBMS College of Architecture, Visvesvaraya Technological University (VTU)
_aProject report
_d2013
650 _aStadium
700 _aAjaichandran C K
_eGuide
700 _aBhagyalaxmi M
_eGuide
942 _2ddc
_cTHE